| 000 | 00842 a2200241 4500 | ||
|---|---|---|---|
| 003 | OSt | ||
| 005 | 20180116182848.0 | ||
| 008 | 160511b xxu||||| |||| 00| 0 eng d | ||
| 020 | _a0815623755 (hardcover) | ||
| 020 | _a9780815623755 (hardcover) | ||
| 040 | _c0 | ||
| 082 | 0 | 4 | _a305.697105491 WEI 1986 |
| 100 | _aAnita M. Weiss. | ||
| 245 | 1 | 0 |
_aIslamic Reassertion in Pakistan _bThe Application of Islamic laws in a Modern State _cAnita M. Weiss. |
| 250 | _a1st ed. | ||
| 260 |
_a[S.l.] : _bSyracuse Univ Pr (Sd), _c1986. |
||
| 300 |
_a146 p. ; _c24 cm. |
||
| 490 | 1 | _aContemporary issues in the middle east. | |
| 700 | 1 | _aWeiss, Anita M. | |
| 830 | 0 | _aContemporary issues in the middle east. | |
| 856 | 4 | 0 |
_3Amazon.com _uhttp://www.amazon.com/exec/obidos/ASIN/0815623755/chopaconline-20 |
| 942 |
_aNBS _cBK _k305.697105491 WEI _2ddc |
||
| 999 |
_c347409 _d347409 |
||